|
|
|
|
| LEADER |
01810cas a2200241 a 4500 |
| 001 |
AALejournalIMF006902 |
| 008 |
230101c9999 xx r poo 0 0eng d |
| 020 |
|
|
|c 5.00 USD
|
| 020 |
|
|
|z 9781451848502
|
| 022 |
|
|
|a 1018-5941
|
| 040 |
|
|
|a BD-DhAAL
|c BD-DhAAL
|
| 100 |
1 |
|
|a Levy, Joaquim.
|
| 245 |
1 |
0 |
|a Some Considerations Relevant to Prefunded Pensions in France /
|c Joaquim Levy.
|
| 264 |
|
1 |
|a Washington, D.C. :
|b International Monetary Fund,
|c 1995.
|
| 300 |
|
|
|a 1 online resource (36 pages)
|
| 490 |
1 |
|
|a IMF Working Papers
|
| 500 |
|
|
|a <strong>Off-Campus Access:</strong> No User ID or Password Required
|
| 500 |
|
|
|a <strong>On-Campus Access:</strong> No User ID or Password Required
|
| 506 |
|
|
|a Electronic access restricted to authorized BRAC University faculty, staff and students
|
| 520 |
3 |
|
|a Increasing use of life insurance instruments and company-sponsored funds in France suggests that French households may be inclined to a greater reliance on financial savings as a source of retirement income. This paper examines the challenges imposed by an aging population on the pay-as-you-go basic and supplementary pension systems, the growth of life insurance and company-sponsored funds in the absence of a comprehensive legislation on prefunded pensions, and issues related to prefunding pension schemes, such as the possibility of an welfare enhancing transition to prefunding; effects on capital markets in view of the experience in other OECD countries; and the importance of the transportability of pensions and measures fostering competition in financial markets.
|
| 538 |
|
|
|a Mode of access: Internet
|
| 830 |
|
0 |
|a IMF Working Papers; Working Paper ;
|v No. 1995/064
|
| 856 |
4 |
0 |
|z Full text available on IMF
|u http://elibrary.imf.org/view/journals/001/1995/064/001.1995.issue-064-en.xml
|z IMF e-Library
|